|
|
|
|
| LEADER |
00568nam a22001577a 4500 |
| 005 |
20151215125137.0 |
| 008 |
091102t xxu||||| |||| 00| 0 eng d |
| 082 |
|
|
|a V2, 4
|b L5
|
| 100 |
|
|
|a Mesquita, Bruce BuenoDe
|9 6834
|
| 245 |
|
|
|a Strategy,risk and personality in coalition polities
|b the case of India
|
| 300 |
|
|
|a 198p.
|
| 653 |
|
|
|a coalition politics
|
| 942 |
|
|
|c BK
|6 _
|
| 260 |
|
|
|c 1975
|a London
|b combridge university press
|
| 999 |
|
|
|c 98117
|d 98117
|
| 952 |
|
|
|0 0
|1 0
|2 ddc
|4 0
|6 329009_34MES
|7 0
|9 123630
|a SMS
|b SMS
|c GEN
|d 2009-11-02
|o 329.009 34 MES
|p SMS010086
|r 2009-11-02
|w 2009-11-02
|y BK
|